00483 2200193 4500001002100000005001700021035002500038040001200063082001300075090001900088100001700107245004600124260003300170300002300203650002000226850001200246990001600258990001500274YOGYA00000000000153320151104110937.0 a0010-081400000001573 aYOPDYOG a307.5982 a307.5982 Mul P aNiels Mulder aPribadi dan masyarakat JawacMulder, Nels aJakartabSinar Harapanc1985 a184 hlm.c; 21 cm. aDesa, sosiologi aYOPDYOG a6178-P/2000 a37770-P/93